Địa đạo Tân Phú Trung và Phước Vĩnh An cái nôi của địa đạo Củ Chi (1947-1954)

Saved in:
Bibliographic Details
Main Author: Võ, Tấn Tạo
Format: Book
Language:Undetermined
Published: Thành phố Hồ Chí Minh Trẻ 2003
Tags: Add Tag
No Tags, Be the first to tag this record!
Institutions: Trung tâm Học liệu Trường Đại học Cần Thơ
LEADER 00602nam a2200181Ia 4500
001 CTU_94993
008 210402s9999 xx 000 0 und d
020 |c 22000 
082 |a 959.7043 
082 |b T108 
100 |a Võ, Tấn Tạo 
245 0 |a Địa đạo Tân Phú Trung và Phước Vĩnh An cái nôi của địa đạo Củ Chi (1947-1954) 
245 0 |c Võ Tấn Tạo, Võ Văn Sổ, Võ Ngọc An 
260 |a Thành phố Hồ Chí Minh 
260 |b Trẻ 
260 |c 2003 
904 |i Trúc 
980 |a Trung tâm Học liệu Trường Đại học Cần Thơ